| 000 | 01056nam a2200193 i 4500 | ||
|---|---|---|---|
| 001 | 103078 | ||
| 003 | ES-MaACL | ||
| 005 | 20251120063137.0 | ||
| 007 | t| | ||
| 008 | 060110s1786 sp |||| | spa d | ||
| 100 | 1 |
_aLa Martinière, Germain Pichaut de, _d1696-1783 _9170578 |
|
| 245 | 1 | 0 |
_aMemorial presentado a S.M. Christianisima por el primer cirujano de su Real Cámara [G.P. de la Martinière] _b: Sentencia de S.M. y reales declaraciones ulteriores, traducidas del francés al español por el L.D.J.A.C. cirujano, en defensa de los memoriales presentados al mismo soberano por su primer médico, que traduxo al español y roboró el Dr. Don Jayme Menos, médico de los Reales Exercicos de S.M. Católica. |
| 260 |
_aBarcelona : _bpor Francisco Suriá y Burgada, imp. del Rey..., _c1786. |
||
| 300 |
_a[4], 39 p. ; _c20 cm. |
||
| 530 | _aDisponible en formato digital. | ||
| 852 |
_aES-MaACL _jR-3431(15) _z. - Ex libris de Mateo Seoane |
||
| 856 |
_uhttps://archive.org/details/b3035495x _zInternet Archive |
||
| 999 |
_c103078 _d103078 |
||